Modelovanie sídelných štruktúr a systémov /
Salvato in:
| Autore principale: | |
|---|---|
| Altri autori: | |
| Natura: | Manoscritto Libro |
| Lingua: | slovacco |
| Pubblicazione: |
Bratislava :
Slovenská vysoká škola technická v Bratislave, Fakulta architektúry,
september 1987
|
| Soggetti: | |
| Tags: |
Nessun Tag, puoi essere il primo ad aggiungerne!!
|
MARC
| LEADER | 00000ntm a22000003a 4500 | ||
|---|---|---|---|
| 001 | 0115285 | ||
| 003 | SK-STU | ||
| 005 | 20250512141347.2 | ||
| 007 | ta | ||
| 008 | 250512s2025----xo-----f-mn---000-0-slo-d | ||
| 040 | |a STU |b slo | ||
| 041 | 0 | |a slo | |
| 044 | |a xo |c SK | ||
| 100 | 1 | |a Hanus, Július |4 aut | |
| 245 | 1 | 0 | |a Modelovanie sídelných štruktúr a systémov / |c aut. Július Hanus, Rudolf Šteis |
| 260 | |a Bratislava : |b Slovenská vysoká škola technická v Bratislave, Fakulta architektúry, |c september 1987 | ||
| 300 | |a 235 s. | ||
| 650 | 0 | 7 | |a sídelné štruktúry |
| 650 | 0 | 7 | |a modelovanie a projektovanie |
| 650 | 0 | 7 | |a urbanizmus a územné plánovanie |
| 650 | 0 | 7 | |a IKT |
| 650 | 0 | 7 | |a počítačové modelovanie |
| 700 | 1 | |a Šteis, Rudolf | |
| 996 | |b 284AU10347 |c A* 252/V |l AAKNST |s P |a 0 |w 0115285_0001 | ||